| 000 | 00616nam a22002057a 4500 | ||
|---|---|---|---|
| 005 | 20251108164034.0 | ||
| 008 | 250721s9999 xx 000 0 ara d | ||
| 082 | 1 | 4 | _a636.2/عكا |
| 100 | 1 | _aعكاشة، مفتاح أحمد | |
| 245 | 1 | 0 | _aتغذية الإبل / |
| 264 | 1 |
_aالاسكندرية : _bالمكتب الجامعي الحديث، _c[19-]. |
|
| 300 | _a167ص | ||
| 650 | 1 | 7 | _aالحيوانات |
| 650 | 1 | 7 | _aالإبل |
| 650 | 1 | 7 | _aتربية الحيوانات |
| 650 | 1 | 7 | _aتغذية الحيوان |
| 700 | 1 | _aجبر، أحمد عبد الرزاق | |
| 942 |
_2ddc _cBK |
||
| 999 |
_c2052 _d2052 |
||